Irwin Law Criminal Law (Fifth Edition) /

Bibliographic Details
Main Author: Roach, Kent
Format: eBook
Language:English
Published: Toronto: Irwin Law Inc., 2012
Edition:Fifth Edition
Subjects:
Online Access:Acceso restringido

MARC

LEADER 00000nam a22000007a 4500
005 20171102183631.0
007 cr|||| ||||
008 171102t2012 xxc|||||s|||| 00||0 eng d
020 |a 978-1-55221-302-5 
035 |a 20681 
040 |a vLex 
090 |c 7192  |d 7192 
100 1 |a Roach, Kent 
245 1 0 |a Irwin Law  |h [Recurso electrn̤ico] :  |b Criminal Law (Fifth Edition) /  |c Kent Roach - Faculty of Law, University of Toronto  
250 |a Fifth Edition 
256 |a Servicio en ln̕ea 
260 |a Toronto:  |b Irwin Law Inc.,  |c 2012 
300 |a 1 recurso electrn̤ico 
506 1 |a Disponible solo en los productos indicados  |d vLex Global  |d vLex Global (Academic Edition, excluding Law Schools)  |d vLex Global (U.S. Academic Edition, Law Schools)  |d vLex Global (U.S. Academic Edition, excluding Law Schools)  |d vLex Global (Academic Edition, Law Schools) 
650 0 4 |a Derecho Penal  |z Canad̀ 
740 0 |a vLex libros (Servicio en ln̕ea) 
856 4 0 |u http://vlex.com/source/criminal-law-20681  |z Acceso restringido 
942 |c BOOK 
999 0 |a Criminal law